000 00680nam a2200229Ia 4500
003 OSt
005 20230718095605.0
008 210716s2000 xx 000 0 und d
020 _a8176354805
040 _cAIMIT LIBRARY
041 _aeng
082 _a004.77
_21
_bOBRG
100 _aObrien, Gerry.
_9127519
245 _aMicrosoft iis 5 administration /
_cBy Gerry Obrien.
250 _a1st ed.
260 _aNew Delhi :
_bTechmedia ,
_c2000.
300 _axiii,532p. ;
_bPB
_c23 cm.
650 _aApplication development
_9127520
650 _aWeb and FTP site administration
_9127521
650 _aSite activity logging
_9127522
942 _2ddc
_cBK
_e1st ed.
_k004.77 OBRG
999 _c184698
_d184698